00578nam a2200133 a 4500008004100000050002300041100002000064245017800084260003900262300003200301650001200333650004000345650005900385220225s2019 ||||||||||||||||| || u a CBU-PG THESIS/MUS aMusonda, Moses 14aThe effect of Physicochemical Parameters of Water on the abundance of Anopheles Mosquito Larvar in different Breeding sites of Kapiri Mposhi Town in Zambic By Moses Musonda aKitwebCopperbelt Universityc2019 axi,82 Pages : illustrations 0aBIOLOGY aPHYSICOCHEMICAL PARAMETERS OF WATER aMOSQUITO LARVA - BREEDING SITES OF KAPIRI MPOSHI TOWN